Names in Novel Titles Match Quiz Stats

 Plays Quiz Updated Feb 14, 2013

Score 0/30 Timer 03:00
0 Plays Today
% Correct
Sherlock
98.2%
Huckleberry
97.5%
Mary
97.2%
Harry
97.1%
Oliver
96.7%
David
95.1%
Pippi
94.3%
Jane
93.4%
Robinson
92.8%
Anna
87.5%
Dorian
86.2%
Bridget
83.9%
Artemis
75.3%
Nicholas
74.2%
Amelia
72.2%
% Correct
Moll
60%
Ivan
57.3%
Ethan
55.9%
Silas
55.8%
Ramona
54%
Dolores
49.8%
Johnny
46.3%
Judy
45.4%
Elmer
43.4%
Edwin
43%
Owen
42.5%
Daisy
39.8%
Tristram
36.7%
Marjorie
34.3%
Jonathan
31.2%

You're not logged in!

Compare scores with friends on all Sporcle quizzes.
Join for Free
OR
Log In

You Might Also Like...

Show Comments

Extras

Top Quizzes Today


Score Distribution

Your Account Isn't Verified!

In order to create a playlist on Sporcle, you need to verify the email address you used during registration. Go to your Sporcle Settings to finish the process.

Report this User

Report this user for behavior that violates our Community Guidelines.

Details: